00579nam a22001937a 450000500170000001000140001702000260003102000230005703500130008003700130009308200120010610000200011824500550013826000460019327000690023930000240030850000500033270000030038220100812114028.0 aENG-99864 a9789380009162c790.00 a938000916Xc790.00 aEN-83396 bDBAD/PUB a338.954 aRao, V. Kriahna aIs globalization on the wane? /cby V. Krishna Rao aNew DelhibReadworthy Publications c2009 bNew DelhaA-18, Mohan Garden Near Nawada Metro Statione11005906 ax, 259p.c22cm (Hb) aIncludes bibliographical references and index